000
00336nam a2200157Ia 4500
003
OSt
005
20240111110653.0
008
170524s9999 xx 000 0 und d
020
_a
9780070647749
040
_c
iimtu
100
_a
Barrow Gordon M
245
0
_a
Physical Chemistry
260
_b
TMH
260
_c
2007
942
_2
ddc
_c
02
999
_c
4640
_d
4640